01208cam a22002771 4500001001300000003000400013005001700017008004100034010001700075035001900092040005100111042001200162050002100174086001800195110009000213245024800303260008200551300003000633650004400663650003300707650004500740650003400785700003200819740006200851999001700913l 55000254 DLC20260227111544.0790731s1955 dcua 000 0 eng c al 55000254  a(OCoLC)5226014 aU. S. Dept. of Labor. LibrarycArUdOCoLCdDLC apremarc00aHD1525b.A5 19550 aA 77.2:Un 2/21 aUnited States.bAgricultural Research Service.bProduction Economics Research Branch.10aUnemployment and partial employment of hired farm workers in cotton areas;bcomparison of selected areas in Arkansas, Georgia, Louisiana, and New Mexico, and detailed analysis of Cordele, Georgia, areac[by William H. Metzler, labor economist. aWashington]bU.S. Dept. of Agriculture, Agricultural Research Service,c1955. aiv, 40 p.billus.c26 cm. 0aAgricultural laborerszSouthern States. 0aUnemployedzSouthern States. 0aAgricultural laborerszGeorgiazCordele. 0aUnemployedzGeorgiazCordele.1 aMetzler, William H.,d1897-0 aPartial employment of hired farm workers in cotton areas. c36895d36895